Formas de los países del Mundial 2026 - Estadísticas

Estadísticas generales
  • Esta prueba ha sido intentada 62 veces
  • La puntuación promedio es 32 de 42
Estadísticas de respuestas
Imagen Respuesta % Correcto
España
100%
Estados Unidos
98%
Australia
96%
Argentina
95%
Brasil
95%
Alemania
93%
Egipto
93%
Francia
93%
México
93%
Noruega
93%
Sudáfrica
93%
Canadá
91%
Croacia
91%
Japón
91%
Portugal
91%
Marruecos
89%
Inglaterra
87%
Austria
85%
Nueva Zelanda
80%
Argelia
76%
Panamá
76%
Senegal
76%
Suiza
76%
Arabia Saudita
71%
Países Bajos
71%
Túnez
69%
Cabo Verde
65%
Colombia
65%
Irán
65%
Ecuador
64%
Paraguay
64%
Uruguay
62%
Haití
60%
Escocia
58%
Corea del Sur
56%
Jordania
56%
Uzbekistán
56%
Costa de Marfil
55%
Bélgica
49%
Catar
45%
Ghana
45%
Curazao
40%
No se encontraron pruebas coincidentes
Distribución de puntuación
Porcentaje de gente con cada puntuación
Porcentaje por número respondido
Historial de tus puntuaciones
No has intentado esta prueba.